Ninjago - Statistics

General Stats
  • This quiz has been taken 102 times
  • The average score is 9 of 10
Answer Stats
Question Answer % Correct
What was the name of the person who gave permission to the ninjas to use his dojo? Darreth
100%
What was the name of the game the ninjas got trapped in season 12 Prime Empire
100%
Where did the ninjas go in season 13? Shintaro
100%
What happened to people who got captured in the darkness in the 10th season of Ninjago? They froze
100%
What was the name of the ninja who fell into the darkness in season 10 Cole
91%
What was the name of the enemy in season 13? Skull Sorcerer
91%
What is the name of season 7 The hands of time
91%
Where did the ninjas go in season 11? The never realm
91%
What did Sensei Wu's flute do Annoy/distract serpentine
82%
What did the ninjas have to get to escape the game in season 12 ( First try to solve question 5 then try to solve this question!!) Keytana
73%
No matching quizzes found
Score Distribution
Percent of People with Each Score
Percentile by Number Answered
Your Score History
You have not taken this quiz